[Event "UT Dallas GM Invitational"]
[Site "Richardson USA"]
[Date "2011.03.18"]
[Round "11"]
[White "Ramirez, Alej"]
[Black "Bojkov, D."]
[Result "1/2-1/2"]
[WhiteElo "2594"]
[BlackElo "2523"]
[PlyCount "75"]
[EventDate "2011.03.12"]
[WhiteTeam "UT Dallas Team"]
[BlackTeam "GM Team"]

1. d4 Nf6 2. c4 g6 3. Nf3 Bg7 4. g3 O-O 5. Bg2 d6 6. O-O c6 7. Nc3 Qa5 8. e4 e5
9. h3 Nbd7 10. Re1 exd4 11. Nxd4 Ne5 12. Bf1 Re8 13. Be3 c5 14. Nb3 Qb4 15. a3
Qb6 16. Nd2 Nc6 17. Rb1 Nd4 18. b4 Qd8 19. Bxd4 cxd4 20. Nb5 h5 21. Nxd4 h4 22.
gxh4 Nh5 23. N2f3 Nf4 24. Nb5 Bf8 25. e5 Bf5 26. Nxd6 Bxd6 27. Qxd6 Bxb1 28.
Rxb1 Qc8 29. Qd4 Nxh3+ 30. Kh2 Qf5 31. Bxh3 Qxf3 32. Bg2 Rad8 33. Bxf3 Rxd4 34.
c5 Rxe5 35. Bxb7 Rxh4+ 36. Kg3 Rc4 37. Rb3 Kg7 38. Rd3 1/2-1/2

[Event "UT Dallas GM Invitational"]
[Site "Richardson USA"]
[Date "2011.03.18"]
[Round "11"]
[White "Robson, R."]
[Black "Sadorra, J."]
[Result "1-0"]
[WhiteElo "2522"]
[BlackElo "2475"]
[PlyCount "81"]
[EventDate "2011.03.12"]
[WhiteTeam "GM Team"]
[BlackTeam "UT Dallas Team"]

1. e4 e6 2. d4 d5 3. Nc3 Bb4 4. exd5 exd5 5. Bd3 Nf6 6. Nge2 O-O 7. O-O Bg4 8.
f3 Bh5 9. Bg5 c6 10. Nf4 Bg6 11. Nxg6 hxg6 12. f4 Qb6 13. Na4 Qxd4+ 14. Kh1 Ne4
15. c3 Nf2+ 16. Rxf2 Qxf2 17. cxb4 f6 18. Qg4 fxg5 19. Qe6+ Kh8 20. Rf1 Qh4 21.
g3 Qh5 22. Bxg6 Qh6 23. f5 Na6 24. Qe7 Qh3 25. Rf2 Rf6 26. Qxb7 Raf8 27. Kg1 c5
28. Nxc5 Qg4 29. Nd7 Qxb4 30. Qxb4 Nxb4 31. Nxf8 Rxf8 32. Rd2 Rd8 33. Kf2 Nxa2
34. Kf3 Nc1 35. Bf7 d4 36. Rd1 g4+ 37. Kxg4 Ne2 38. Bc4 Re8 39. Re1 Re4+ 40.
Kf3 Re3+ 41. Kf2 1-0

[Event "UT Dallas GM Invitational"]
[Site "Richardson USA"]
[Date "2011.03.19"]
[Round "12"]
[White "Chirila, I."]
[Black "Iotov, V."]
[Result "1/2-1/2"]
[WhiteElo "2513"]
[BlackElo "2574"]
[PlyCount "38"]
[EventDate "2011.03.12"]
[WhiteTeam "UT Dallas Team"]
[BlackTeam "GM Team"]

1. Nf3 Nf6 2. g3 g6 3. Bg2 Bg7 4. O-O O-O 5. c4 d5 6. d4 dxc4 7. Na3 c3 8. bxc3
c5 9. e3 Nc6 10. Nc4 Bf5 11. Ba3 Ne4 12. Rc1 Rc8 13. Nh4 Be6 14. Bxe4 Bxc4 15.
Bd3 Bxd3 16. Qxd3 Qa5 17. Bxc5 b6 18. Bb4 Nxb4 19. cxb4 Qxb4 1/2-1/2

[Event "UT Dallas GM Invitational"]
[Site "Richardson USA"]
[Date "2011.03.19"]
[Round "12"]
[White "Zivanic, M."]
[Black "Robson, R."]
[Result "1/2-1/2"]
[WhiteElo "2497"]
[BlackElo "2522"]
[PlyCount "36"]
[EventDate "2011.03.12"]
[WhiteTeam "UT Dallas Team"]
[BlackTeam "GM Team"]

1. d4 d5 2. c4 e6 3. Nf3 Nf6 4. Nc3 c6 5. cxd5 exd5 6. Qc2 Be7 7. Bg5 g6 8. e3
Bf5 9. Bd3 Bxd3 10. Qxd3 Nbd7 11. Bh6 Ng4 12. Bf4 O-O 13. h3 Ngf6 14. O-O Re8
15. Rab1 a5 16. Nd2 Nf8 17. Bg5 N6d7 18. Bxe7 Qxe7 1/2-1/2